000 00996namaa22002771i 4500
003 EG-GICUC
005 20260225112848.0
008 260225s19uu le ||||jr|||| 000 0 ara d
040 _aEG-GiCUC
_bara
_cEG-GiCUC
_dEG-GiCUC
_erda
082 0 4 _221
_a811.3
_bF2197
092 0 4 _221
_a811.3
_bF2197
099 _a811.3 F2197
100 1 _aالفرزدق،
_dحو 641 - حو728
_eمؤلف.
245 1 _aديوان الفرزدق /
264 _aبيروت (لبنان) :
_bدار صادر،
_c[19--]
300 _a؛ 2 مجلد
_c24 سم
_bإيضاحيات، صور، مثيليات ؛ Illustrations
336 _2rdacontent
_atext
337 _2rdamedia
_aUnmediated
338 _2rdacarrier
_avolume
504 _aيشتمل على ارجاعات ببليوجرافية
541 _aد. جابر عصفور ؛
_bالقاهرة ؛
_cإهداء ؛
_d2024.
650 1 7 _aالشعر العربى
_yالعصر الأموى
_2qrmak
651 1 _2qrmak
905 _aHuda
942 _2ddc
_cBK
_e21
_n0
999 _c178731
_d178731